EL DERECHO Y EL ASCENSO DEL CAPITALISMO/

TRADUCCION DE: LAW AND THE RISE OF CAPITALISM

Guardado en:
Bibliografiske detaljer
Hovedforfatter: Tigar, Michael E. (autor)
Andre forfattere: Levy, Madeleine R. (autor) (autor)
Format: Bog
Fag:
Tags: Tilføj Tag
Ingen Tags, Vær først til at tagge denne postø!

MARC

LEADER 00000nam^a2200000^a^4500
001 000226321
005 20250521000000.0
009 20260310104159.438
020 |a 968-23-0297-8 
035 |a 045041 
037 |a Acervo Xavier Clavigero 
082 |a 340. TIG 
100 |a Tigar, Michael E.  |e (autor) 
245 1 3 |a EL DERECHO Y EL ASCENSO DEL CAPITALISMO/  |c MICHAEL E. TIGAR, MADELEINE R. LEVY; TR. NICOLAS GRAB 
264 |a MEXICO :  |b SIGLO XXI,  |c 1981 
300 |a 306p. 
336 |a texto  |b txt  |2 rdacontenido 
337 |a sin mediación  |b n  |2 rdamedio 
338 |a volumen  |b nc  |2 rdasoporte 
520 |a TRADUCCION DE: LAW AND THE RISE OF CAPITALISM 
649 |a XX 
650 |a Derecho 
650 |a Jurisprudencia 
650 |a Capitalismo 
700 |a Levy, Madeleine R.  |e (autor) 
910 |a Fondo General 
920 |a Impresos - Libros 
930 |a Colección General 
905 |a 101 
901 |a 045041  |b IT1  |c ACC  |i 045041  |u 20250521 
902 |a https://opac.biblio.iteso.mx/vufind/Record/000226321